Statistiken für Alle Minderheiten Tschechiens

Klicken Sie hier um das Quiz zu spielen!

Allgemein

  • Dieses Quiz wurde 53 mal gespielt
  • Das Durchschnittsergebnis liegt bei 15 aus 20

Antwortstatistiken

BevölkerungLand% Korrekt
21,478Deutschland
100%
21,767Polen
100%
38,010Russland
98%
121,278Slowakei
98%
145,153Ukraine
93%
5,682Italien
86%
7,675Ungarn
84%
17,183Bulgarien
82%
16,824Rumänien
82%
7,245USA
80%
7,673China
77%
8,332Vereinigtes Königreich
70%
6,920Weißrussland
70%
4,409Frankreich
68%
5,593Serbien
68%
4,923Indien
59%
61,910Vietnam
50%
5,880Moldawien
45%
5,940Kasachstan
32%
9,844Mongolei
9%

Verteilung der Resultate

Perzentil nach korrekt beantworteten Fragen

Anzahl Personen mit jedem Resultat

Ihre Resultats-Entwicklung

Sie haben dieses Quiz noch nicht gespielt